000 00628nam a2200181 a 4500
001 001072246
003 AM-YeHGA
005 20250617151240.0
008 150413s1980 ||| r 000 0 rus d
040 _aAM-YeHGA
041 1 _arus
100 1 _aРешетников, Леонид Васильевич
245 1 0 _aГоды :
_bСтихи. Переводы. Заметки о поэзии /
_cЛеонид Решетников.
260 _aНовосибирск :
_bЗап.-Сиб. кн. изд-во,
_c1980.
300 _a687 с. :
_b[1] л. портр.
653 0 _aСоветская поэзия
090 _c349367
999 _c347562
_d347562